00908nam a22001817a 4500999001500000008004100015020001800056040001500074100003900089245009200128260003300220300002100253505009700274505018500371700002700556942001300583952013000596 c7792d7792231023b ||||| |||| 00| 0 eng d a9788419552549 aCDMRdCDMR1 9766aVázquez Montalbán, Manuel aLos papeles de Admunsen c/ Manuel Vázquez Montalbán; edición de José Colmeiro  aBarcelona : bNavona, c2023 a440 p. c; 22 cm aNovel·la inèdita que Manuel Vázquez Montalbán va presentar al premi Biblioteca Breve. aConté una introducció de l'editor literari (p. 11-56), notes i obres citades (p. 415-440), i al final (sense numerar) un annex amb fotos del manuscrit original de la novel·la. 94897aColmeiro, José 2udccMON 00102udc4070aCDMRbCDMRd2023-10-23eDonacióg24.90l1oDu 6/127pCDMR23100010r2024-01-30s2024-01-16w2023-10-23yMON